000 00581nam a2200217Ia 4500
003 GCL
008 140319s9999 xx 000 0 eng d
040 _aGCL /
_cGCL
082 0 4 _a892.76
_bN T
100 1 _aNAGUIB MAHFOUZ
245 1 0 _aTHE TIME AND THE PLACE AND OTHER STORIES /
_cNAGUIB MAHFOUZ
260 _a[S.N] :
_bTHE AMERICAN UNIVERSITY IN CAIRO PRESS ،
_c1991
300 _a174 PP
650 0 4 _aLITERATURE
650 0 4 _aEGYPT
650 0 4 _aNOVELS
650 0 4 _aARABIC LITERATURE
650 0 4 _aNAGUIB MAHFOUZ
650 0 4 _aEGYPT - LITERATURE
942 _2ddc
_cBK
999 _c11931
_d11931